| 000 | 00481nam a22002177i 4500 | ||
|---|---|---|---|
| 999 |
_c6479 _d6479 |
||
| 001 | 7623 | ||
| 003 | OSt | ||
| 005 | 20181105084958.0 | ||
| 007 | tu | ||
| 008 | 161220s xxu||||| |||| 00| 0 rum d | ||
| 024 | 7 |
_a7623 _2RID |
|
| 024 | 7 |
_a7623 _2RSN (alt) |
|
| 040 | _cOSt | ||
| 041 | _arum | ||
| 110 | 2 | _aNational Commission for Statistics | |
| 245 | 0 | 0 | _aRegional National Accounts |
| 260 | _aBukarest. | ||
| 651 | _aRomania | ||
| 856 | _uhttp://www.insse.ro/ | ||
| 942 | _cST | ||